Arte e ilusión: estudio sobre la psicología de la representación pictórica
Sparad:
| Huvudupphovsman: | |
|---|---|
| Materialtyp: | Bok |
| Språk: | spanska |
| Publicerad: |
Barcelona
Gustavo Gili
1979
|
| Ämnen: | |
| Taggar: |
Lägg till en tagg
Inga taggar, Lägg till första taggen!
|
MARC
| LEADER | 00000nam a2200000 a 4500 | ||
|---|---|---|---|
| 001 | UCP9818 | ||
| 003 | CL-VaPUC | ||
| 008 | 000407e19790000SP |||||||||||||||||spa|d | ||
| 082 | 0 | 4 | |a 701.15 |b GOM |2 21 |
| 100 | |a Gombrich, Ernst Hans |e autor |9 598146 | ||
| 245 | 1 | 0 | |a Arte e ilusión: estudio sobre la psicología de la representación pictórica |
| 300 | |a 394 p | ||
| 942 | |c BK | ||
| 945 | |d 20000407 00:00:00 |a crobeson | ||
| 260 | |a Barcelona |b Gustavo Gili |c 1979 | ||
| 650 | 7 | |a PERCEPCION DE CUADROS |2 CL-VaPUC |9 267853 | |
| 650 | 0 | |a Psicología del arte |9 265264 | |
| 650 | 0 | |a Percepción visual |9 267039 | |
| 583 | |a last modification |c 20000407 00:00:00 |k Rodrigo Vera | ||
| 999 | |c 286600 |d 286598 | ||
| 952 | |0 0 |1 0 |4 0 |6 701_150000000000000_GOM_1979 |7 0 |8 X |9 332628 |a BIBHIS |b BIBHIS |d 2019-11-20 |i 1398288 |o 701.15 GOM 1979 |p 1398288 |r 2024-01-30 |w 2019-11-20 |y BK_X |k HIS | ||